Michael Jackson Discography (Hard) - Statistics

General Stats
  • This quiz has been taken 24 times
  • The average score is 19 of 60
Answer Stats
Year Type Name % Correct
1987 Solo Album Bad
94%
2004 Compilation Album Bad / Dangerous
94%
2004 Compilation Album Off The Wall / Thriller
94%
1982 Solo Album Thriller
94%
2006 Compilation Album Blood On The Dance Floor: HIStory In The Mix /Invincible
81%
1991 Solo Album Dangerous
81%
2008 Compilation Album Dangerous / Dangerous: The Short Films
81%
1993 Video Album Dangerous: The Short Films
81%
2001 Compilation Album Greatest Hits: HIStory, Vol 1
81%
1997 Video Album HIStory On Film, Volume II
81%
1995 Solo Album HIStory: Past, Present And Future, Book I
81%
2005 Video Album Live In Bucharest: The Dangerous Tour
81%
1979 Solo Album Off The Wall
81%
1995 Video Album Video Greatest Hits - HIStory
81%
2003 Video Album Video Greatest Hits - HIStory / HIStory On Film, Volume II
81%
1972 Solo Album Ben
75%
2001 Solo Album Invincible
75%
1973 Solo Album Music & Me
63%
2014 Solo Album Xscape
63%
1975 Solo Album Forever, Michael
56%
1972 Solo Album Got To Be There
56%
2010 Solo Album Michael
50%
1984 Compilation Album Farewell My Summer Love
44%
1984 Compilation Album 14 Greatest Hits
38%
1983 Compilation Album 18 Greatest Hits
38%
2003 Compilation Album Number Ones
38%
2008 Compilation Album Gold
19%
2017 Compilation Album Scream
19%
2008 Compilation Album King Of Pop
6%
2010 Video Album Michael Jackson's Vision
6%
1989 Video Album Moonwalker
6%
2009 Compilation Album The Definitive Collection
6%
2004 Compilation Album The Ultimate Collection
6%
2000 Compilation Album 20th Century Masters - The Millennium Collection
0%
1983 Compilation Album 9 Singles Pack
0%
1972 Compilation Album A Collection Of Michael Jackson Oldies
0%
1984 Compilation Album Ain't No Sunshine
0%
1986 Compilation Album Anthology
0%
2009 Compilation Album La Legende De La Pop
0%
2012 Video Album Live At Wembley
0%
1986 Compilation Album Looking Back To Yesterday
0%
1987 Compilation Album Love Songs
0%
2002 Compilation Album Love Songs
0%
1992 Compilation Album Motown's Greatest Hits
0%
1981 Compilation Album One Day In Your Life
0%
1993 Compilation Album Rockin' Robin
0%
1988 Compilation Album Singles Souvenir Pack
0%
1975 Compilation Album The Best Of Michael Jackson
0%
1997 Compilation Album The Best Of Michael Jackson & The Jackson 5
0%
2009 Compilation Album The Collection
0%
2005 Compilation Album The Essential Michael Jackson Collection
0%
1984 Compilation Album The Great Love Songs Of Michael Jackson
0%
2013 Compilation Album The Indispensable Collection
0%
1986 Compilation Album Their Very Best - Back To Back
0%
2008 Compilation Album The Motown Years
0%
2004 Video Album The One
0%
2013 Compilation Album The Ultimate Fan Extras Collection
0%
1999 Compilation Album The Very Best Of Michael Jackson & The Jackson 5
0%
1992 Compilation Album Tour Souvenir Pack
0%
2006 Compilation Album Visionary: The Video Singles
0%
No matching quizzes found
Score Distribution
Percent of People with Each Score
Percentile by Number Answered
Your Score History
You have not taken this quiz